| 000 | 01058nam a22001817a 4500 | ||
|---|---|---|---|
| 005 | 20260124092406.0 | ||
| 008 | 230712b ||||| |||| 00| 0 eng d | ||
| 040 |
_cSSBUL _dSSBUL |
||
| 082 |
_223 _a၉၅၉.၁ ဗ ၁၆၁၃၅ (S-SAT) |
||
| 245 | _aဗမာပြည်ကွန်မြူနစ်ပါတီ၏နိုင်ငံတော် အာဏာသိမ်းပိုက်ရေးလှုပ်ရှားမှုများ / | ||
| 260 |
_aရန်ကုန်၊ _bကြေးမုံသတင်းစာတိုက်၊ _c၁၉၈၉။ |
||
| 300 |
_a၁၉၀ စာမျက်နှာ၊ _bဓာတ်ပုံများ၊ _c၂၃ စင်တီ။ |
||
| 500 | _aS-SAT: Dr. Prof Sai Aung Tun | ||
| 650 |
_aဗမာပြည်ကွန်မြူနစ်ပါတီ။ _927804 |
||
| 650 |
_aနိုင်ငံရေးပါတီများ _zမြန်မာနိုင်ငံ။ _927802 |
||
| 651 |
_aမြန်မာနိုင်ငံ _xသမိုင်း။ _96190 |
||
| 942 |
_2ddc _cBK1 |
||
| 999 |
_c27069 _d27069 |
||